| 000 | 00834cam a22001935a 4500 | ||
|---|---|---|---|
| 001 | L151381 | ||
| 008 | 101029e20100925xxk 000 0 eng d | ||
| 035 | _a(Sirsi) u151381 | ||
| 041 | 0 | _aeng | |
| 100 | 1 | _aDouch, Clinton | |
| 245 | 0 | 0 | _aPaying a premium for the past |
| 260 | _c2010 | ||
| 490 |
_aEstates Gazette _v(1038) 25 September 2010, 104(1) |
||
| 520 | _aWarns insurers are now less willing to offer surveyors professional indemnity insurance. Some surveyors may have put themselves at risk by going beyond their area of core competency in order to assist cost-pressured clients and mentions that firms that have voluntarily opted for an increased excess to save premium could be at risk. | ||
| 590 | _aKA | ||
| 651 | 4 |
_aUnited Kingdom _y |
|
| 690 | _aMANAGEMENT-BUSINESS MANAGEMENT-PROFESSIONAL PRACTICE | ||
| 942 | _n0 | ||
| 999 |
_c82789 _d82789 |
||